Anatomía y fisiología / (Registro nro. 21648)

Detalles MARC
000 -LEADER
fixed length control field 01174nam a2200325 4500
001 - CONTROL NUMBER
control field 0000018508
003 - CONTROL NUMBER IDENTIFIER
control field CO-CtgCURN
005 - DATE AND TIME OF LATEST TRANSACTION
control field 20250331185148.0
007 - PHYSICAL DESCRIPTION FIXED FIELD--GENERAL INFORMATION
fixed length control field ta
008 - FIXED-LENGTH DATA ELEMENTS--GENERAL INFORMATION
fixed length control field 160627s1979 000 0 eng d
020 ## - INTERNATIONAL STANDARD BOOK NUMBER
International Standard Book Number 96809343
040 ## - CATALOGING SOURCE
Original cataloging agency CO-CtgCURN
Language of cataloging spa
Transcribing agency coctgcurn
082 0# - DEWEY DECIMAL CLASSIFICATION NUMBER
Classification number 611.9
Item number P57a
100 1# - MAIN ENTRY--PERSONAL NAME
Personal name Parker Anthony, Catherine.
245 10 - TITLE STATEMENT
Title Anatomía y fisiología /
Statement of responsibility, etc. Catherine Perker Anthony , Gary A. Thibodeau.
250 ## - EDITION STATEMENT
Edition statement 10a ed.
260 ## - PUBLICATION, DISTRIBUTION, ETC.
Place of publication, distribution, etc. Mexico :
Name of publisher, distributor, etc. Interamericana McGraw,
Date of publication, distribution, etc. 1979.
300 ## - PHYSICAL DESCRIPTION
Extent 724 p.
336 ## - CONTENT TYPE
Source rdacontent
337 ## - MEDIA TYPE
Source rdamedia
Media type term sin mediacion
Media type code n
338 ## - CARRIER TYPE
Source rdacarrier
Carrier type term volumen
Carrier type code nc
500 ## - GENERAL NOTE
General note Incluye indice Alfabetico.
505 8# - FORMATTED CONTENTS NOTE
Formatted contents note El cuerpo como un todo.--Sosten y movimiento.--Transporte.--Suministro de energia y excrecion de desechos.--Equilibrio hidrico de electrolitos y acidobasico.--Reproducción.--Defensa y adaptacion
650 14 - SUBJECT ADDED ENTRY--TOPICAL TERM
Topical term or geographic name entry element Anatomía clinica.
700 1# - ADDED ENTRY--PERSONAL NAME
Personal name Thibodeau, Gary A.
908 ## - PUT COMMAND PARAMETER (RLIN)
Put command parameter 160627
942 ## - ADDED ENTRY ELEMENTS (KOHA)
Koha item type Libros
Classification part 611.9
Item part P57a
Source of classification or shelving scheme Dewey Decimal Classification
Existencias
Withdrawn status Lost status Source of classification or shelving scheme Damaged status Not for loan Collection Home library Current library Shelving location Date acquired Inventory number Total checkouts Full call number Barcode Date last seen Copy number Price effective from Koha item type Public note
    Dewey Decimal Classification     General Miguel Henríquez Emiliani Miguel Henríquez Emiliani General 03/29/2025 008254   611.9 P57a 008254 03/29/2025 ej.1 03/29/2025 Libros 610-CIENME
    Dewey Decimal Classification     General Miguel Henríquez Emiliani Miguel Henríquez Emiliani General 03/29/2025 008255   611.9 P57a 008255 03/29/2025 ej.2 03/29/2025 Libros 610-CIENME